[Event "SERBIA CHESS OPEN 2021 - MASTERS"]
[Site "Belgrade, Hotel Metropol"]
[Date "2021.07.04"]
[Round "4.99"]
[White "Terryn, Ezra"]
[Black "Kalogeris, Ioannis"]
[Result "0-1"]
[WhiteElo "2184"]
[BlackElo "2307"]
[PlyCount "44"]
[EventDate "2021.??.??"]

1. e4 e5 2. Nf3 Nc6 3. d4 exd4 4. Nxd4 Bc5 5. Nb3 Bb6 6. Nc3 Nge7 7. Bg5 f6 8.
Bh4 O-O 9. Qd2 d6 10. O-O-O a5 11. a4 Kh8 12. f4 Qe8 13. Bb5 Qf7 14. Nd5 Nxd5
15. exd5 Nb4 16. c3 c6 17. Bf2 Bxf2 18. cxb4 cxb5 19. Qxf2 bxa4 20. Nxa5 Bf5
21. Rd4 Rac8+ 22. Kd1 Qh5+ 0-1

[Event "SERBIA CHESS OPEN 2021 - MASTERS"]
[Site "Belgrade, Hotel Metropol"]
[Date "2021.07.04"]
[Round "4.100"]
[White "Czerw, Dawid"]
[Black "Efremov, Vladislav"]
[Result "1/2-1/2"]
[WhiteElo "2306"]
[BlackElo "2173"]
[PlyCount "49"]
[EventDate "2021.??.??"]

1. d4 Nf6 2. c4 e6 3. Nc3 Bb4 4. f3 c5 5. d5 b5 6. e4 O-O 7. a3 Bxc3+ 8. bxc3
bxc4 9. Bxc4 Nxd5 10. Bxd5 exd5 11. Qxd5 Qh4+ 12. g3 Qf6 13. Qxc5 Ba6 14. Bg5
Qc6 15. Qxc6 Nxc6 16. Bf4 f5 17. O-O-O fxe4 18. fxe4 Rae8 19. Rxd7 g5 20. Bxg5
Ne5 21. Rxa7 Rf1+ 22. Kd2 Bb5 23. h4 Nc4+ 24. Kd3 Ne5+ 25. Kd2 1/2-1/2

[Event "SERBIA CHESS OPEN 2021 - MASTERS"]
[Site "Belgrade, Hotel Metropol"]
[Date "2021.07.04"]
[Round "4.101"]
[White "Kukelko, Alexey"]
[Black "Arsenovic, Milos"]
[Result "1-0"]
[WhiteElo "2304"]
[BlackElo "2181"]
[PlyCount "69"]
[EventDate "2021.??.??"]

1. e4 c6 2. d4 d5 3. exd5 cxd5 4. c4 Nf6 5. Nc3 Nc6 6. Nf3 Bg4 7. Bg5 Ne4 8.
cxd5 Nxc3 9. bxc3 Qxd5 10. Qb3 O-O-O 11. Be3 Bxf3 12. gxf3 e5 13. Qxd5 Rxd5 14.
Bc4 Rd7 15. d5 Na5 16. Bb3 Nxb3 17. axb3 Rxd5 18. Rxa7 Kb8 19. Ke2 Bc5 20. Ra5
b6 21. Rb5 Kc7 22. b4 Kc6 23. c4 Bxe3 24. Rxd5 Bd4 25. f4 f6 26. fxe5 Bxe5 27.
Rhd1 Rc8 28. b5+ Kb7 29. Rd7+ Rc7 30. Kf3 h5 31. h4 g5 32. Ke4 gxh4 33. f4 Bc3
34. Rxc7+ Kxc7 35. Rh1 1-0

[Event "SERBIA CHESS OPEN 2021 - MASTERS"]
[Site "Belgrade, Hotel Metropol"]
[Date "2021.07.04"]
[Round "4.102"]
[White "Milikow, Yoav"]
[Black "Petrovic, Aleksa"]
[Result "1-0"]
[WhiteElo "2301"]
[BlackElo "2142"]
[PlyCount "91"]
[EventDate "2021.??.??"]

1. d4 Nf6 2. c4 a6 3. Nc3 c5 4. e3 g6 5. Nf3 Bg7 6. Bd3 O-O 7. h4 h5 8. dxc5 d6
9. cxd6 Qxd6 10. O-O Nc6 11. Be2 Qb8 12. Nd4 Ng4 13. Bxg4 Bxg4 14. f3 Rd8 15.
Nxc6 bxc6 16. Qe1 Be6 17. b3 Ra7 18. Bb2 Bxc4 19. Rf2 Be6 20. Na4 Be5 21. Bxe5
Qxe5 22. Rc1 Rd6 23. Rfc2 g5 24. Rc5 Rd5 25. e4 Rxc5 26. Rxc5 Qd4+ 27. Kh2 g4
28. Qg3 Rd7 29. Rg5+ Kf8 30. Nc5 Rd8 31. Rxh5 gxf3 32. e5 Bg4 33. Rh8+ Kg7 34.
Rxd8 Qxd8 35. Qxg4+ Kh8 36. Qxf3 Qd4 37. Qh5+ Kg8 38. Qg5+ Kh8 39. e6 f5 40.
Qh6+ Kg8 41. Qg6+ Kh8 42. Qe8+ Kh7 43. Qxe7+ Kh6 44. Qg5+ Kh7 45. Qxf5+ Kh8 46.
Ne4 1-0

[Event "SERBIA CHESS OPEN 2021 - MASTERS"]
[Site "Belgrade, Hotel Metropol"]
[Date "2021.07.04"]
[Round "4.103"]
[White "Kanov, Nikola"]
[Black "Carnic, Srdjan"]
[Result "0-1"]
[WhiteElo "2140"]
[BlackElo "2291"]
[PlyCount "66"]
[EventDate "2021.??.??"]

1. e4 c5 2. Nf3 d6 3. d4 cxd4 4. Nxd4 Nf6 5. Nc3 a6 6. Be3 e5 7. Nb3 Be6 8. f3
Be7 9. Qd2 O-O 10. O-O-O Nbd7 11. g4 b5 12. g5 b4 13. Ne2 Ne8 14. f4 a5 15. f5
a4 16. Nbd4 exd4 17. Nxd4 b3 18. Kb1 bxc2+ 19. Nxc2 Bb3 20. axb3 axb3 21. Na3
Ne5 22. Be2 Ra5 23. Qb4 Qa8 24. g6 hxg6 25. fxg6 Nxg6 26. Bb5 Nc7 27. Bc6 Qxc6
28. Qxa5 Qxe4+ 29. Ka1 Ra8 30. Qd2 Nb5 31. Qd3 Nxa3 32. bxa3 Qb4 33. Bc1 Rxa3+
0-1

[Event "SERBIA CHESS OPEN 2021 - MASTERS"]
[Site "Belgrade, Hotel Metropol"]
[Date "2021.07.04"]
[Round "4.104"]
[White "Ljepic, Andrej"]
[Black "Dev, Shah"]
[Result "1-0"]
[WhiteElo "2136"]
[BlackElo "2270"]
[PlyCount "81"]
[EventDate "2021.??.??"]

1. d4 d5 2. Nf3 Nf6 3. e3 c5 4. c3 e6 5. Bd3 Nc6 6. Nbd2 Bd6 7. O-O O-O 8. dxc5
Bxc5 9. e4 h6 10. Qe2 Re8 11. e5 Nd7 12. Nb3 Bf8 13. Bf4 f5 14. h4 Be7 15. h5
Nf8 16. Rfd1 Bd7 17. Qe3 Nh7 18. a3 Na5 19. Nxa5 Qxa5 20. c4 Ba4 21. Rd2 Bc5
22. Qe1 dxc4 23. Bxc4 Qc7 24. Rc1 Qf7 25. Bxe6 Rxe6 26. Rxc5 Qxh5 27. Rd6 Re7
28. Qc3 Nf8 29. Qc4+ Kh7 30. Qxa4 Ne6 31. Ra5 b6 32. Ra6 Nc5 33. Qc6 Rae8 34.
Ra4 Nxa4 35. Qxa4 Rc8 36. Qd1 Rec7 37. Ng5+ Qxg5 38. Bxg5 hxg5 39. Qh5+ Kg8 40.
Qxg5 Rc1+ 41. Kh2 1-0

[Event "SERBIA CHESS OPEN 2021 - MASTERS"]
[Site "Belgrade, Hotel Metropol"]
[Date "2021.07.04"]
[Round "4.105"]
[White "Milikow, Elie"]
[Black "Akbas, Umut Ata"]
[Result "0-1"]
[WhiteElo "2270"]
[BlackElo "2141"]
[PlyCount "101"]
[EventDate "2021.??.??"]

1. e4 c5 2. Nf3 d6 3. d4 cxd4 4. Nxd4 Nf6 5. Nc3 a6 6. Be2 e5 7. Nb3 Be7 8. Be3
O-O 9. g4 Be6 10. g5 Nfd7 11. h4 Nb6 12. Nd5 Nxd5 13. exd5 Bf5 14. Rg1 Qc7 15.
Bd3 Bxd3 16. Qxd3 Rc8 17. c3 a5 18. a4 Qc4 19. Qxc4 Rxc4 20. Rh1 Nd7 21. Ke2 f5
22. f3 Bd8 23. Nd2 Rcc8 24. Ra3 Bb6 25. Rb3 Ra6 26. Ra1 Bxe3 27. Kxe3 Rb6 28.
Raa3 Kf7 29. Kf2 Rc7 30. Ke3 Kg6 31. Kf2 Kh5 32. Kg3 h6 33. gxh6 gxh6 34. Kh3
Rc8 35. Nf1 Rc4 36. Ng3+ Kg6 37. Rxb6 Nxb6 38. Rb3 Nxd5 39. Rxb7 Nf4+ 40. Kh2
Nh5 41. Kh3 Rf4 42. Nxh5 Kxh5 43. Kg3 Rxa4 44. Rd7 f4+ 45. Kh3 Ra1 46. Kg2 Rd1
47. Kh3 Rd3 48. c4 d5 49. Kg2 Rd2+ 50. Kh3 Rd3 51. Kg2 0-1

[Event "SERBIA CHESS OPEN 2021 - MASTERS"]
[Site "Belgrade, Hotel Metropol"]
[Date "2021.07.04"]
[Round "4.106"]
[White "Srdanovic, Jovana"]
[Black "Sahin, Ozgun"]
[Result "0-1"]
[WhiteElo "2126"]
[BlackElo "2269"]
[PlyCount "68"]
[EventDate "2021.??.??"]

1. d4 Nf6 2. c4 g6 3. Nc3 d5 4. Nf3 Bg7 5. Bg5 Ne4 6. cxd5 Nxg5 7. Nxg5 e6 8.
Nf3 exd5 9. e3 O-O 10. Be2 c6 11. O-O a5 12. a3 b5 13. Ne1 Na6 14. Nd3 Bf5 15.
Rc1 Qd6 16. a4 b4 17. Nb1 Rfc8 18. Nc5 Nxc5 19. Rxc5 Qf6 20. Bf3 Bf8 21. Rc1
Be6 22. Qe2 Rc7 23. Rfd1 h5 24. h3 Rac8 25. Rd2 c5 26. dxc5 Rxc5 27. Rcd1 Rc1
28. Rd4 R8c2 29. Qe1 Rxd1 30. Qxd1 Rxb2 31. Qc1 Ra2 32. Nd2 Qf5 33. Nb3 Bg7 34.
e4 dxe4 0-1

[Event "SERBIA CHESS OPEN 2021 - MASTERS"]
[Site "Belgrade, Hotel Metropol"]
[Date "2021.07.04"]
[Round "4.107"]
[White "Dimitrijevic, Dusan"]
[Black "Masic, Predrag"]
[Result "1/2-1/2"]
[WhiteElo "2122"]
[BlackElo "2268"]
[PlyCount "96"]
[EventDate "2021.??.??"]

1. e4 c6 2. Nf3 d5 3. Nc3 dxe4 4. Nxe4 Nf6 5. Qe2 Nxe4 6. Qxe4 Nd7 7. Bc4 Nf6
8. Ne5 e6 9. Qe2 Be7 10. O-O O-O 11. a4 a5 12. c3 c5 13. d3 Qc7 14. Bf4 Bd6 15.
Rfe1 b6 16. Bg3 Bb7 17. Rad1 Bd5 18. Bb5 Rad8 19. d4 Qb7 20. f3 cxd4 21. c4
Bxe5 22. Qxe5 Bc6 23. Bh4 Bxb5 24. axb5 Nd7 25. Qxd4 f6 26. Rxe6 Ne5 27. Qxd8
Rxd8 28. Rxd8+ Kf7 29. Red6 Qc7 30. f4 Qxc4 31. fxe5 Qxh4 32. g3 Qe4 33. e6+
Kg6 34. Kf2 Qc2+ 35. Kf3 Qf5+ 36. Ke3 Qe5+ 37. Kf2 Qf5+ 38. Ke2 Qe4+ 39. Kd2
Qb4+ 40. Ke3 Qe1+ 41. Kd3 Qd1+ 42. Kc3 Qe1+ 43. Kc2 Qe2+ 44. Kb1 Qe4+ 45. Ka2
Qa4+ 46. Kb1 Qe4+ 47. Kc1 Qe1+ 48. Kc2 Qe2+ 1/2-1/2

[Event "SERBIA CHESS OPEN 2021 - MASTERS"]
[Site "Belgrade, Hotel Metropol"]
[Date "2021.07.04"]
[Round "4.108"]
[White "Ratsma, Midas"]
[Black "Caputcuoglu, Zeki Berke"]
[Result "1/2-1/2"]
[WhiteElo "2259"]
[BlackElo "2138"]
[PlyCount "32"]
[EventDate "2021.??.??"]

1. e4 e5 2. Nf3 Nc6 3. d4 exd4 4. Bc4 Nf6 5. e5 Ng4 6. O-O Be7 7. Re1 d6 8.
exd6 Qxd6 9. b3 O-O 10. Ba3 Qd8 11. Bxe7 Nxe7 12. Qxd4 Qxd4 13. Nxd4 Bf5 14.
Nxf5 Nxf5 15. Nc3 Nf6 16. Bd3 Nd6 1/2-1/2

[Event "SERBIA CHESS OPEN 2021 - MASTERS"]
[Site "Belgrade, Hotel Metropol"]
[Date "2021.07.04"]
[Round "4.109"]
[White "Azaric, Slavko"]
[Black "Debevec, Blaz"]
[Result "1/2-1/2"]
[WhiteElo "2254"]
[BlackElo "2135"]
[PlyCount "22"]
[EventDate "2021.??.??"]

1. c4 Nf6 2. g3 g6 3. Bg2 Bg7 4. Nc3 O-O 5. Rb1 c5 6. e3 Nc6 7. Nge2 d6 8. d3
Bd7 9. b3 a6 10. Bb2 b5 11. O-O Rb8 1/2-1/2

[Event "SERBIA CHESS OPEN 2021 - MASTERS"]
[Site "Belgrade, Hotel Metropol"]
[Date "2021.07.04"]
[Round "4.110"]
[White "Zivkovic, Sava"]
[Black "Vasic, Vladimir"]
[Result "1-0"]
[WhiteElo "2251"]
[BlackElo "2119"]
[PlyCount "46"]
[EventDate "2021.??.??"]

1. e4 e5 2. Nf3 Nc6 3. Bb5 f5 4. Nc3 fxe4 5. Nxe4 d5 6. Nxe5 dxe4 7. Nxc6 Qg5
8. Qe2 Nf6 9. Ne5+ c6 10. f4 Qxf4 11. d4 Qh4+ 12. g3 Qh3 13. Bc4 Be6 14. Bg5
Bd6 15. O-O-O Bxe5 16. dxe5 Bg4 17. Qe3 Nd5 18. Rxd5 cxd5 19. Qc5 Kf7 20. Qxd5+
Be6 21. Qd7+ Kg6 22. Bxe6 Qg2 23. Qf7+ Kxg5 1-0

[Event "SERBIA CHESS OPEN 2021 - MASTERS"]
[Site "Belgrade, Hotel Metropol"]
[Date "2021.07.04"]
[Round "4.111"]
[White "Eric, Jovana"]
[Black "Petrusic, Velimir"]
[Result "1-0"]
[WhiteElo "2250"]
[BlackElo "2111"]
[PlyCount "68"]
[EventDate "2021.??.??"]

1. e4 e6 2. d4 d5 3. Nc3 Nf6 4. e5 Ng8 5. f4 c5 6. Nf3 Nh6 7. Bd3 Nc6 8. O-O
cxd4 9. Nb5 Qb6 10. Kh1 Bd7 11. a4 a6 12. a5 Nxa5 13. Nbxd4 Be7 14. Be3 Qc7 15.
b3 Nc6 16. Nxc6 Bxc6 17. Nd4 g6 18. g4 Bc5 19. c3 Ng8 20. b4 Bxd4 21. Bxd4 Rd8
22. f5 Ne7 23. Qf3 gxf5 24. gxf5 Kd7 25. Qh3 Rhg8 26. fxe6+ fxe6 27. Rf6 Kc8
28. b5 Bd7 29. bxa6 bxa6 30. Bxa6+ Kb8 31. Rf2 Bc6 32. Rb2+ Bb7 33. Rxb7+ Qxb7
34. Bxb7 Kxb7 1-0

[Event "SERBIA CHESS OPEN 2021 - MASTERS"]
[Site "Belgrade, Hotel Metropol"]
[Date "2021.07.04"]
[Round "4.112"]
[White "Jordanov, Mihail"]
[Black "Defromont, Benjamin"]
[Result "1-0"]
[WhiteElo "2082"]
[BlackElo "2246"]
[PlyCount "77"]
[EventDate "2021.??.??"]

1. e4 Nf6 2. d3 d5 3. exd5 Nxd5 4. g3 c5 5. Bg2 Nc6 6. Ne2 e5 7. Nbc3 Be6 8.
O-O Be7 9. f4 exf4 10. Nxf4 Nxf4 11. Bxf4 O-O 12. Kh1 Qd7 13. Qf3 Rad8 14. Rae1
Nd4 15. Qf2 b6 16. b3 Rfe8 17. Ne4 Bd5 18. c4 Be6 19. Nc3 Bd6 20. Nd5 Kh8 21.
Bg5 Bxd5 22. Bxd5 f6 23. Be3 Nc6 24. Qg2 Ne7 25. Be4 f5 26. Bf3 Bb8 27. Bg5 Rc8
28. Bb7 Rc7 29. Bf3 Ng6 30. Bd5 Rf8 31. Re6 f4 32. gxf4 Rcc8 33. f5 Ne5 34. f6
g6 35. Re7 Qg4 36. Qxg4 Nxg4 37. h3 Ne5 38. Bh6 Bd6 39. Bg7# 1-0

[Event "SERBIA CHESS OPEN 2021 - MASTERS"]
[Site "Belgrade, Hotel Metropol"]
[Date "2021.07.04"]
[Round "4.113"]
[White "Ivanovic, Marko"]
[Black "Karacsonyi, Kata"]
[Result "1-0"]
[WhiteElo "2245"]
[BlackElo "2107"]
[PlyCount "97"]
[EventDate "2021.??.??"]

1. e4 c5 2. Nc3 Nc6 3. Bb5 Nd4 4. Nf3 a6 5. Bd3 g6 6. Nxd4 cxd4 7. Ne2 d5 8.
O-O dxe4 9. Bxe4 e5 10. d3 f5 11. Bf3 Bg7 12. c3 Nf6 13. Qa4+ Qd7 14. Qb3 dxc3
15. Nxc3 Qf7 16. Nd5 Nxd5 17. Bxd5 Qd7 18. Re1 Qb5 19. f4 Qxb3 20. axb3 Ke7 21.
fxe5 h6 22. Be3 Be6 23. Bc5+ Kf7 24. Bxb7 Rab8 25. Bf3 Rxb3 26. d4 Rd8 27. Rxa6
Rxb2 28. Rea1 Rc2 29. Ra7+ Kg8 30. Re7 Ba2 31. Rb7 Bf8 32. Bb6 Ra8 33. e6 Re8
34. e7 Bxe7 35. Rxa2 Bh4 36. Ra1 Rec8 37. Bc5 Re8 38. g3 Bg5 39. Rb6 Be3+ 40.
Kh1 Bc1 41. Bd5+ Kg7 42. Ra7+ Kh8 43. Re7 Rxe7 44. Bxe7 Bg5 45. Bf8 Rc8 46. Bc5
f4 47. h4 Bd8 48. Rxg6 fxg3 49. Kg2 1-0

[Event "SERBIA CHESS OPEN 2021 - MASTERS"]
[Site "Belgrade, Hotel Metropol"]
[Date "2021.07.04"]
[Round "4.114"]
[White "Tyurin, Artem"]
[Black "Brilej, Jaka"]
[Result "0-1"]
[WhiteElo "2106"]
[BlackElo "2244"]
[PlyCount "68"]
[EventDate "2021.??.??"]

1. c4 e6 2. Nc3 d5 3. d4 Nf6 4. cxd5 exd5 5. Bg5 c6 6. e3 h6 7. Bh4 Bf5 8. Qf3
Bh7 9. Bxf6 gxf6 10. O-O-O Bb4 11. e4 dxe4 12. Nxe4 Nd7 13. a3 Be7 14. Ng3 Qa5
15. Bd3 Bxd3 16. Rxd3 O-O-O 17. N1e2 Rhg8 18. h4 Bf8 19. Nf5 Nb6 20. Ne3 Qb5
21. Rd2 Qb3 22. Qf5+ Kb8 23. Qxf6 Bd6 24. Rc2 Na4 25. Nc4 Bc7 26. Rh3 Qa2 27.
Qf3 Rge8 28. Qb3 Qa1+ 29. Kd2 Nc5 30. Qf3 Ne4+ 31. Kd3 Qd1+ 32. Nd2 Nxd2 33.
Rxd2 Qb3+ 34. Nc3 c5 0-1

[Event "SERBIA CHESS OPEN 2021 - MASTERS"]
[Site "Belgrade, Hotel Metropol"]
[Date "2021.07.04"]
[Round "4.115"]
[White "Gajcin, Marina"]
[Black "Gokcek, Kursat Bugra"]
[Result "0-1"]
[WhiteElo "2243"]
[BlackElo "2089"]
[PlyCount "140"]
[EventDate "2021.??.??"]

1. e4 c5 2. Nf3 e6 3. c4 Nc6 4. d4 cxd4 5. Nxd4 Nf6 6. Nc3 Bb4 7. Nxc6 bxc6 8.
Bd3 e5 9. O-O O-O 10. Qf3 Be7 11. h3 d6 12. b3 Be6 13. Bb2 g6 14. Ne2 Nd7 15.
Ng3 Nc5 16. Bc2 f6 17. Rad1 Qb6 18. Bc1 Rf7 19. Bh6 Qa5 20. Bb1 Bd7 21. Bd2 Qc7
22. Be3 Ne6 23. Ne2 Raf8 24. Qg3 Ng7 25. f4 f5 26. fxe5 dxe5 27. exf5 Bxf5 28.
Bd4 Bf6 29. Bxf5 gxf5 30. Bc5 Be7 31. Qf2 f4 32. Nc3 Nf5 33. Ne4 Rg7 34. Rd3
Bxc5 35. Nxc5 Re8 36. Ne4 Rf8 37. Nc5 Qc8 38. Qe1 Ne3 39. Rxe3 fxe3 40. Rxf8+
Qxf8 41. Ne6 Qf2+ 42. Qxf2 exf2+ 43. Kxf2 Rd7 44. Ke3 Rd1 45. Nc5 Kf7 46. g4 h6
47. Nd3 Kf6 48. Nb4 Rh1 49. Nxc6 Rxh3+ 50. Ke4 Rh2 51. Nxa7 Rxa2 52. Nc6 Re2+
53. Kd5 Rd2+ 54. Ke4 Re2+ 55. Kd5 Rd2+ 56. Ke4 Rd6 57. Nb4 Rd4+ 58. Kf3 Rf4+
59. Kg3 Kg5 60. Nd5 Rxg4+ 61. Kf3 h5 62. c5 h4 63. c6 h3 64. c7 h2 65. c8=Q
h1=Q+ 66. Ke2 Qg2+ 67. Kd3 Rd4+ 68. Ke3 Qd2+ 69. Kf3 Rd3+ 70. Ke4 Qe2+ 0-1

[Event "SERBIA CHESS OPEN 2021 - MASTERS"]
[Site "Belgrade, Hotel Metropol"]
[Date "2021.07.04"]
[Round "4.117"]
[White "Stojkovic, Nenad P"]
[Black "Spiric, Igor"]
[Result "0-1"]
[WhiteElo "2081"]
[BlackElo "2241"]
[PlyCount "86"]
[EventDate "2021.??.??"]

1. d4 Nf6 2. g3 e6 3. Bg2 Be7 4. Nf3 d6 5. c4 Nbd7 6. Nc3 O-O 7. O-O c5 8. e4
cxd4 9. Nxd4 a6 10. b3 Qc7 11. Be3 Rb8 12. Rc1 b6 13. Ncb5 axb5 14. cxb5 Qb7
15. Nc6 Ne5 16. Nxb8 Qxb8 17. Qd4 Nfd7 18. Rfd1 Ng4 19. Rc6 e5 20. Qc3 Nxe3 21.
fxe3 Nc5 22. b4 Ne6 23. a4 Bd7 24. Rc4 g6 25. Rc1 Qa7 26. Rc7 Nxc7 27. Qxc7 Ra8
28. Bf1 Bg5 29. Kf2 Qxc7 30. Rxc7 Be6 31. a5 bxa5 32. b6 axb4 33. b7 Rb8 34.
Ba6 b3 35. Rc1 Kg7 36. Ke2 d5 37. h4 Be7 38. Kd2 Bb4+ 39. Kd3 dxe4+ 40. Kxe4 b2
41. Rd1 Bf5+ 42. Kd5 b1=Q 43. Rxb1 Bxb1 0-1

[Event "SERBIA CHESS OPEN 2021 - MASTERS"]
[Site "Belgrade, Hotel Metropol"]
[Date "2021.07.04"]
[Round "4.118"]
[White "Gombocz, Ferenc Jr"]
[Black "Khachatryan, Anna"]
[Result "0-1"]
[WhiteElo "2236"]
[BlackElo "1966"]
[PlyCount "66"]
[EventDate "2021.??.??"]

1. c4 e5 2. g3 Nf6 3. Bg2 c6 4. d4 e4 5. Nc3 d5 6. cxd5 cxd5 7. Bg5 Bb4 8. Qb3
Bxc3+ 9. bxc3 Nbd7 10. e3 O-O 11. Ne2 h6 12. Bxf6 Nxf6 13. c4 dxc4 14. Qxc4
Qa5+ 15. Qc3 Qa6 16. Qd2 Bg4 17. Ng1 Rac8 18. h3 Bd7 19. Ne2 Bb5 20. Nc3 Bd3
21. Bf1 Bxf1 22. Rxf1 Rc4 23. Rc1 Rfc8 24. Ne2 Nd5 25. Rxc4 Rxc4 26. f3 Nb4 27.
Nc3 Nd3+ 28. Kd1 Rb4 29. Qc2 Rb2 30. Qa4 Rb1+ 31. Ke2 Qxa4 32. Rxb1 Qc4 33.
fxe4 Nb4+ 0-1

[Event "SERBIA CHESS OPEN 2021 - MASTERS"]
[Site "Belgrade, Hotel Metropol"]
[Date "2021.07.04"]
[Round "4.119"]
[White "Zakic, Srdjan"]
[Black "Pavlov, Mark"]
[Result "1-0"]
[WhiteElo "2324"]
[BlackElo "2195"]
[PlyCount "87"]
[EventDate "2021.??.??"]

1. e4 d6 2. d4 Nf6 3. Nc3 g6 4. Nf3 Bg7 5. Be3 c6 6. h3 O-O 7. a4 Qc7 8. a5
Nbd7 9. Qd2 e5 10. dxe5 Nxe5 11. Nxe5 dxe5 12. Bc4 Rd8 13. Qe2 Nh5 14. g3 Qe7
15. Kf1 Be6 16. Kg2 Bf6 17. Bxe6 Qxe6 18. Na4 Ng7 19. Nc5 Qe7 20. Rhd1 Ne8 21.
a6 b6 22. Nb7 Rxd1 23. Rxd1 Nc7 24. Rd6 c5 25. Qd3 Rc8 26. Rd7 Qe6 27. Nd8 Bxd8
28. Rxd8+ Ne8 29. c4 Rxd8 30. Qxd8 Kg7 31. Bg5 Qc6 32. Qe7 Qxe4+ 33. Kh2 Qf5
34. Be3 Nf6 35. Qxa7 Ne4 36. Qb7 Nd6 37. Qd5 Nc8 38. g4 Qe6 39. Qb7 Nd6 40.
Qxb6 Qd7 41. Qxc5 Nc8 42. a7 Qb7 43. Qxe5+ f6 44. Qb8 1-0

[Event "SERBIA CHESS OPEN 2021 - MASTERS"]
[Site "Belgrade, Hotel Metropol"]
[Date "2021.07.04"]
[Round "4.120"]
[White "Janjic, Stefan"]
[Black "Savicevic, Vlatko"]
[Result "1/2-1/2"]
[WhiteElo "2191"]
[BlackElo "2315"]
[PlyCount "88"]
[EventDate "2021.??.??"]

1. d4 d5 2. c4 e6 3. Nc3 Be7 4. cxd5 exd5 5. Bf4 c6 6. e3 Bf5 7. Bd3 Bxd3 8.
Qxd3 Nf6 9. h3 Nbd7 10. Nf3 O-O 11. O-O Re8 12. Rab1 a5 13. Rfc1 Bf8 14. Qd1
Qe7 15. Nd2 Qe6 16. Qb3 Ra7 17. Re1 Nh5 18. Bh2 f5 19. Rbd1 Nhf6 20. f3 Bb4 21.
a3 Bxc3 22. bxc3 a4 23. Qa2 b5 24. Re2 Re7 25. Rde1 Ra8 26. Bg3 h6 27. Bh4 Rae8
28. Bxf6 Nxf6 29. Qb1 Nh5 30. Nf1 g6 31. Qc1 Qd6 32. Qb2 Nf6 33. Qb4 Qc7 34.
Qb1 Kg7 35. Kf2 h5 36. h4 Re6 37. g3 Qf7 38. Nd2 Nd7 39. Nf1 Nb6 40. Nd2 Nc8
41. Qb4 Nd6 42. f4 Qe7 43. Kg2 Nc4 44. Nxc4 Qxb4 1/2-1/2

[Event "SERBIA CHESS OPEN 2021 - MASTERS"]
[Site "Belgrade, Hotel Metropol"]
[Date "2021.07.04"]
[Round "4.121"]
[White "Dimitrov, Vladimir"]
[Black "Karaoglan, Kivanc"]
[Result "1/2-1/2"]
[WhiteElo "2314"]
[BlackElo "2192"]
[PlyCount "36"]
[EventDate "2021.??.??"]

1. d4 d5 2. c4 e6 3. Nc3 c5 4. cxd5 exd5 5. Nf3 Nc6 6. g3 Nf6 7. Bg2 cxd4 8.
Nxd4 Bc5 9. Nxc6 bxc6 10. O-O O-O 11. Na4 Bb6 12. Qc2 Ba6 13. Rd1 Re8 14. e3
Rc8 15. b3 Qe7 16. Bb2 Ne4 17. Nxb6 axb6 18. Rd4 Bb7 1/2-1/2

[Event "SERBIA CHESS OPEN 2021 - MASTERS"]
[Site "Belgrade, Hotel Metropol"]
[Date "2021.07.04"]
[Round "4.122"]
[White "Mihov, Filip"]
[Black "Martic, Ivan"]
[Result "1-0"]
[WhiteElo "2178"]
[BlackElo "2314"]
[PlyCount "65"]
[EventDate "2021.??.??"]

1. Nf3 g6 2. g3 Bg7 3. Bg2 e5 4. d3 d6 5. O-O f5 6. e4 Nf6 7. exf5 gxf5 8. Nh4
Nc6 9. f4 e4 10. dxe4 fxe4 11. f5 Ne5 12. Nc3 d5 13. Bf4 Qe7 14. Nxd5 Qc5+ 15.
Ne3 Bd7 16. b4 Qe7 17. Qe2 O-O-O 18. Rfd1 Rhe8 19. Rab1 h6 20. Nc4 Bb5 21. Nb6+
axb6 22. Qxb5 Nc6 23. c3 Qf7 24. Qe2 Nd5 25. Bd2 Bxc3 26. b5 Nd4 27. Qc4 Bxd2
28. Rxd2 Nxf5 29. Bh3 e3 30. Re2 Re5 31. Nxf5 Rxf5 32. Rf1 Kb8 33. Rxf5 1-0

[Event "SERBIA CHESS OPEN 2021 - MASTERS"]
[Site "Belgrade, Hotel Metropol"]
[Date "2021.07.04"]
[Round "4.123"]
[White "Rozman, Monika"]
[Black "Krasteva, Beloslava"]
[Result "0-1"]
[WhiteElo "2151"]
[BlackElo "2305"]
[PlyCount "60"]
[EventDate "2021.??.??"]

1. e4 c5 2. Nf3 d6 3. d4 cxd4 4. Nxd4 Nf6 5. Nc3 a6 6. Bg5 Nbd7 7. f4 Qc7 8.
Qf3 b5 9. Bd3 Bb7 10. O-O-O g6 11. h4 b4 12. Nce2 h5 13. Bxf6 Nxf6 14. f5 Bh6+
15. Kb1 Ng4 16. fxg6 fxg6 17. Ne6 Qc8 18. N2d4 Ne5 19. Qg3 Bc6 20. Bc4 Nxc4 21.
Qxg6+ Kd7 22. Nb3 Qg8 23. Qf5 Qg4 24. Qf2 Kxe6 25. Nc5+ dxc5 26. Qxc5 Ne5 27.
Rhf1 Rad8 28. Rde1 Rhf8 29. Rf5 Rd1+ 30. Rxd1 Qxd1# 0-1

[Event "SERBIA CHESS OPEN 2021 - MASTERS"]
[Site "Belgrade, Hotel Metropol"]
[Date "2021.07.04"]
[Round "4.124"]
[White "Kostic, Vladimir G"]
[Black "Ozdemir, Serhan Berat"]
[Result "1/2-1/2"]
[WhiteElo "2297"]
[BlackElo "2191"]
[PlyCount "82"]
[EventDate "2021.??.??"]

1. e4 c5 2. Nf3 e6 3. d4 cxd4 4. Nxd4 a6 5. Nc3 b5 6. Be3 Bb7 7. Bd3 Qc7 8. Qe2
Nf6 9. a3 Nc6 10. Nxc6 Bxc6 11. Bd4 Qb7 12. O-O Be7 13. f4 b4 14. axb4 Qxb4 15.
Bf2 h5 16. h3 a5 17. Rfe1 Rc8 18. Ra2 h4 19. Qe3 Nh5 20. Rea1 Bd6 21. Ne2 a4
22. e5 Be7 23. Nd4 Bc5 24. Nxc6 Rxc6 25. Rxa4 Qxa4 26. Rxa4 Bxe3 27. Ra8+ Ke7
28. Rxh8 Bxf2+ 29. Kxf2 Nxf4 30. Rxh4 Nxd3+ 31. cxd3 Rc2+ 32. Kf3 Rxb2 33. Rc4
g6 34. h4 Rb3 35. Rd4 Rb5 36. Kf4 Rb1 37. g4 Rh1 38. Kg5 Re1 39. Re4 Rd1 40. d4
Rg1 41. Kf4 Rg2 1/2-1/2

[Event "SERBIA CHESS OPEN 2021 - MASTERS"]
[Site "Belgrade, Hotel Metropol"]
[Date "2021.07.04"]
[Round "4.125"]
[White "Teuschler, Barbara"]
[Black "Fernandez Lledo, Javier"]
[Result "0-1"]
[WhiteElo "2148"]
[BlackElo "2288"]
[PlyCount "84"]
[EventDate "2021.??.??"]

1. e4 c5 2. Nf3 e6 3. d4 cxd4 4. Nxd4 Nc6 5. Nc3 Qc7 6. Be2 Nf6 7. O-O Be7 8.
Kh1 O-O 9. f4 d6 10. Be3 a6 11. a4 Bd7 12. Nb3 b6 13. Bf3 Rab8 14. g4 Bc8 15.
g5 Nd7 16. Bg2 Re8 17. Qh5 g6 18. Qh3 Bf8 19. Rad1 b5 20. axb5 axb5 21. Rf2 b4
22. Ne2 Bg7 23. Bc1 Ba6 24. Qf3 Rec8 25. Ng1 Nc5 26. Rfd2 Nxb3 27. Qxb3 Na5 28.
Qa2 Nc4 29. Rf2 Qb6 30. Rf3 Nxb2 31. Bxb2 Rxc2 32. Rb1 Bxb2 33. Rxb2 Rc1 34.
Rbf2 Bb7 35. Rf1 Rbc8 36. Qf2 Qb5 37. Re3 R8c2 38. Re2 b3 39. Rxc1 Rxc1 40. Rb2
Qc4 41. Qb6 Kg7 42. Qxb3 Qd4 0-1

[Event "SERBIA CHESS OPEN 2021 - MASTERS"]
[Site "Belgrade, Hotel Metropol"]
[Date "2021.07.04"]
[Round "4.126"]
[White "Ozkan, Ervin"]
[Black "Kruckenhauser, Arthur"]
[Result "1/2-1/2"]
[WhiteElo "2147"]
[BlackElo "2283"]
[PlyCount "79"]
[EventDate "2021.??.??"]

1. d4 d5 2. Nf3 e6 3. Bf4 Bd6 4. e3 Bxf4 5. exf4 Qd6 6. Qd2 b6 7. Nc3 c6 8. Be2
Ba6 9. O-O Ne7 10. Rfe1 O-O 11. Ne5 f6 12. Nf3 Nf5 13. a4 Re8 14. a5 Bxe2 15.
Nxe2 Na6 16. g4 Nh6 17. h3 Nc7 18. Ng3 Rf8 19. Re2 Rae8 20. axb6 axb6 21. Rae1
c5 22. c3 c4 23. Nh4 Nf7 24. Nf3 g6 25. g5 Qd8 26. h4 Nd6 27. Nh2 f5 28. Kg2
Ne4 29. Qe3 b5 30. Nf3 b4 31. Ne5 bxc3 32. bxc3 Nb5 33. Rc1 Qa5 34. Rec2 Kg7
35. f3 Nexc3 36. Rxc3 Nxc3 37. Rxc3 Rb8 38. Nd7 Rb2+ 39. Kh3 Qa2 40. Qe5+
1/2-1/2

[Event "SERBIA CHESS OPEN 2021 - MASTERS"]
[Site "Belgrade, Hotel Metropol"]
[Date "2021.07.04"]
[Round "4.127"]
[White "Radojicic, Aleksandar M"]
[Black "Durak, Can"]
[Result "1/2-1/2"]
[WhiteElo "2112"]
[BlackElo "2275"]
[PlyCount "55"]
[EventDate "2021.??.??"]

1. d4 Nf6 2. c4 e6 3. Nc3 d5 4. cxd5 Nxd5 5. e4 Nxc3 6. bxc3 c5 7. Nf3 cxd4 8.
cxd4 Bb4+ 9. Bd2 Bxd2+ 10. Qxd2 O-O 11. Bc4 b6 12. O-O Bb7 13. Rfe1 Nd7 14.
Rad1 Nf6 15. Qf4 Rc8 16. Bb3 Qc7 17. Qh4 Rfd8 18. e5 Nd5 19. Ng5 h6 20. Ne4 Nc3
21. Nf6+ Kf8 22. Rd3 Ba6 23. Rd2 Ne2+ 24. Kh1 Rxd4 25. Rxd4 Nxd4 26. Qxd4 gxf6
27. Qf4 fxe5 28. Qxh6+ 1/2-1/2